| 000 | nam a22 7a 4500 | ||
|---|---|---|---|
| 999 |
_c7191 _d7191 |
||
| 003 | OSt | ||
| 005 | 20181205112023.0 | ||
| 008 | 181203b2016 fr ||||| |||| 00| 0 fre d | ||
| 020 | _a9782362200380 | ||
| 040 |
_aCDMR _bcat _cCDMR |
||
| 245 | 1 | 0 |
_aSebastiao Salgado _b: 100 photos for press freedom |
| 260 |
_aParis : _bReporters sans Frontieres, _c2016 |
||
| 300 |
_a144 p. : _bfotografies ; _c29 cm |
||
| 490 |
_aReporters without borders ; _v51 |
||
| 650 | 0 | 4 |
_91582 _aLlibertat d'impremta _xFotografia |
| 700 | 1 |
_91829 _aSalgado, Sebastiao |
|
| 710 | 2 |
_91923 _aReportiers Sans Frontières |
|
| 942 |
_2udc _cMON |
||